000
00313nam a2200133Ia 4500
008
200615s9999||||xx |||||||||||||| ||und||
082
_a
650
_b
INT-N
100
_a
N.S.KUMAR
245
0
_a
INTERNATIONAL BUSINESS
250
_a
1ST
260
_a
new delhi
_b
ALLAHABAD LAW AGENCY
_c
2017
300
_a
125
942
_c
BK
999
_c
27287
_d
27287